Danh nhân văn hóa Việt nam

Guardado en:
Detalles Bibliográficos
Autor principal: Lê, Minh Quốc
Formato: Libro
Lenguaje:Undetermined
Publicado: Thành phố Hồ Chí Minh Trẻ 2000
Materias:
Etiquetas: Agregar Etiqueta
Sin Etiquetas, Sea el primero en etiquetar este registro!
Thư viện lưu trữ: Trung tâm Học liệu Trường Đại học Cần Thơ
LEADER 00561nam a2200193Ia 4500
001 CTU_140824
008 210402s9999 xx 000 0 und d
020 |c 15000 
082 |a 920.0597 
082 |b Qu514/P.2 
100 |a Lê, Minh Quốc 
245 0 |a Danh nhân văn hóa Việt nam 
245 0 |c Lê Minh Quốc 
260 |a Thành phố Hồ Chí Minh 
260 |b Trẻ 
260 |c 2000 
650 |a Celebrities,Names, personal,Vietnam - history 
650 |z Vietnam 
980 |a Trung tâm Học liệu Trường Đại học Cần Thơ